000 00251nam a2200109Ia 4500
008 190914s9999||||xx |||||||||||||| ||und||
100 _aHRH General Khaled
245 0 _aDesert Warrior
260 _aIndia
_bOxford
_c2007
300 _a888
942 _cBK
999 _c10028
_d10028